Die gesellschaftliche Definition von Geisteskrankheit
| 1. VerfasserIn: | |
|---|---|
| Medienart: | Druck Buch |
| Sprache: | Deutsch |
| Veröffentlicht: |
Bonn
Psychiatrie-Verl.
1986
|
| In: |
Werkstattschriften zur Sozialpsychiatrie (42)
Jahr: 1986 |
| Bestand in Tübingen: | In Tübingen vorhanden. IFK: M VIII 73 |
| Verfügbarkeit prüfen: | HBZ Gateway |
| Subito Bestelldienst: | Jetzt bestellen. |
| Schlagwörter: |
MARC
| LEADER | 00000cam a2200000 c 4500 | ||
|---|---|---|---|
| 001 | 272696226 | ||
| 003 | DE-627 | ||
| 005 | 20251129023210.0 | ||
| 007 | tu | ||
| 008 | 860819s1986 gw ||||| 00| ||ger c | ||
| 015 | |a 85,N46,0239 |2 dnb | ||
| 015 | |a 86,A30,0519 |2 dnb | ||
| 016 | 7 | |a 850929997 |2 DE-101 | |
| 020 | |a 3884140728 |9 3-88414-072-8 | ||
| 035 | |a (DE-627)272696226 | ||
| 035 | |a (DE-576)01208509X | ||
| 035 | |a (DE-599)GBV272696226 | ||
| 035 | |a (OCoLC)74717324 | ||
| 035 | |a (OCoLC)74717324 | ||
| 035 | |a (DE-604)8005629284 | ||
| 040 | |a DE-627 |b ger |c DE-627 |e rakwb | ||
| 041 | |a ger | ||
| 044 | |c XA-DE | ||
| 084 | |a 33 |a 14 |2 sdnb | ||
| 084 | |a YH 1500 |2 rvk |0 (DE-625)rvk/153519:12905 | ||
| 084 | |a YH 4600 |2 rvk |0 (DE-625)rvk/153546:12905 | ||
| 084 | |a MS 6250 |2 rvk |0 (DE-625)rvk/123746: | ||
| 100 | 1 | |a Rohlfs, Gilka |d 1952- |0 (DE-588)1145579590 |0 (DE-627)1006793348 |0 (DE-576)164065237 |4 aut | |
| 109 | |a Rohlfs, Gilka 1952- | ||
| 245 | 1 | 4 | |a Die gesellschaftliche Definition von Geisteskrankheit |c Gilka Rohlfs |
| 264 | 1 | |a Bonn |b Psychiatrie-Verl. |c 1986 | |
| 300 | |a 122 S. | ||
| 336 | |a Text |b txt |2 rdacontent | ||
| 337 | |a ohne Hilfsmittel zu benutzen |b n |2 rdamedia | ||
| 338 | |a Band |b nc |2 rdacarrier | ||
| 490 | 1 | |a Werkstattschriften zur Sozialpsychiatrie |v 42 | |
| 500 | |a Literaturverz. S. 119 - 122 | ||
| 583 | 1 | |a Archivierung/Langzeitarchivierung gewährleistet |c 2022 |f SLG |x XA-DE-BW |2 pdager |5 DE-289 | |
| 650 | 0 | |a Mental Disorders | |
| 689 | 0 | 0 | |d s |0 (DE-588)4047734-4 |0 (DE-627)106193732 |0 (DE-576)20907454X |a Psychose |2 gnd |
| 689 | 0 | 1 | |d s |0 (DE-588)4057561-5 |0 (DE-627)106150545 |0 (DE-576)209122528 |a Stigmatisierung |2 gnd |
| 689 | 0 | 2 | |d s |0 (DE-588)4130874-8 |0 (DE-627)105699217 |0 (DE-576)209622709 |a Ethnomethodologie |2 gnd |
| 689 | 0 | |5 DE-101 | |
| 689 | 1 | 0 | |d s |0 (DE-588)4047686-8 |0 (DE-627)106193899 |0 (DE-576)209074353 |a Psychische Störung |2 gnd |
| 689 | 1 | |5 (DE-627) | |
| 689 | 2 | 0 | |d s |0 (DE-588)4047686-8 |0 (DE-627)106193899 |0 (DE-576)209074353 |a Psychische Störung |2 gnd |
| 689 | 2 | 1 | |d s |0 (DE-588)4077624-4 |0 (DE-627)104152036 |0 (DE-576)209205849 |a Soziologie |2 gnd |
| 689 | 2 | |5 (DE-627) | |
| 830 | 0 | |a Werkstattschriften zur Sozialpsychiatrie |v 42 |9 4200 |w (DE-627)130226963 |w (DE-576)006447511 |w (DE-600)539827-7 |x 0173-3524 |7 am | |
| 889 | |w (DE-627)023400811 | ||
| 935 | |i mdedup | ||
| 935 | |i Blocktest | ||
| 936 | r | v | |a YH 1500 |b Allgemeines |k Medizin |k Psychiatrie, Medizinische Psychologie |k Allgemeine Psychiatrie/Medizinische Psychologie |k Allgemeines |k Allgemeines |0 (DE-627)1270915711 |0 (DE-625)rvk/153519:12905 |0 (DE-576)200915711 |
| 936 | r | v | |a YH 4600 |b Allgemeines |k Medizin |k Psychiatrie, Medizinische Psychologie |k Allgemeine medizinische Psychologie, Psychopathologie |k Sozialpsychiatrie (s.a. Medizin und Soziologie XC 2650; Sozialmedizin s. XF 1500 ff, Sozialpsychologie s. CV) |k Allgemeines |0 (DE-627)1270878697 |0 (DE-625)rvk/153546:12905 |0 (DE-576)200878697 |
| 936 | r | v | |a MS 6250 |b Sozialpsychiatrie, Psychiatrie, Psychische Gesundheit |k Soziologie |k Spezielle Soziologien |k Medizinsoziologie |k Sozialpsychiatrie, Psychiatrie, Psychische Gesundheit |0 (DE-627)1271441381 |0 (DE-625)rvk/123746: |0 (DE-576)201441381 |
| 951 | |a BO | ||
| ELC | |b 1 | ||
| LOK | |0 000 xxxxxcx a22 zn 4500 | ||
| LOK | |0 001 3240533286 | ||
| LOK | |0 003 DE-627 | ||
| LOK | |0 004 272696226 | ||
| LOK | |0 005 20140203125154 | ||
| LOK | |0 008 921228||||||||||||||||ger||||||| | ||
| LOK | |0 040 |a DE-21-110 |c DE-627 |d DE-21-110 | ||
| LOK | |0 689 |a s |a Devianzforschung | ||
| LOK | |0 852 |a DE-21-110 | ||
| LOK | |0 852 1 |c M VIII 73 |m p |9 00 | ||
| LOK | |0 935 |a k110 | ||
| LOK | |0 936ln |a 8.6.8 | ||
| LOK | |0 938 |k p | ||
| LOK | |0 939 |a 28-12-92 |b l01 | ||
| ORI | |a SA-MARC-krimdoka001.raw | ||
| SIG | |a IFK: M VIII 73 | ||
